| 000 | 00933nas a2200313 4500 | ||
|---|---|---|---|
| 001 | BR0403867 | ||
| 003 | BR-BrBNA | ||
| 005 | 20231205104736.0 | ||
| 007 | ta | ||
| 008 | 230509b bl.|||p| |||| 00| 00por d | ||
| 040 |
_aBR-BrBNA _bpor _cBiblioteca Nacional de Agricultura |
||
| 041 | _a(Pt) | ||
| 072 | _aQ55; Q54 | ||
| 100 | 1 | _aOliveira, M.C. de | |
| 100 | 1 | _aAlmeida, C.V. | |
| 100 | 1 | _aAndrade, D.O. | |
| 100 | 1 | _aRodrigues, S.M.M. | |
| 245 | 1 | _aTeor de matéria seca, ph e amônia volatilizada da cama de frango tratada ou não com diferentes aditivos | |
| 650 | _aFRANGO | ||
| 650 | _aCAMA DE GALINHEIRO | ||
| 650 | _aUMIDADE | ||
| 650 | _aMATÉRIA SECA | ||
| 650 | _aADITIVO | ||
| 650 | _aPH | ||
| 650 | _aAMÔNIA | ||
| 773 | 0 |
_tRevista Brasileira de Zootecnia (Brazil) _xISSN 1516-3598 _g(Jul-Aug 2003), v. 32(4) p. 951-954 _wBR0403867 |
|
| 909 |
_a202311 _bLúcia _c55 _dLúcia Elande |
||
| 942 |
_2AGRIS _n0 _cANA |
||
| 999 |
_c179498 _d179498 |
||